000 00826nam a2200229 i 4500
001 21346
003 ES-MaACL
005 20250817062547.0
007 t|
008 021125s1981 sp ||||1| spa d
100 1 _aAlberdi Alonso, María Teresa.
_919277
245 1 0 _aPaleoecología del yacimiento del Neógeno continental de los Valles de Fuentidueña (Segovia) /
_cMaría Teresa Alberdi Alonso.
260 _aMadrid :
_bFundación Juan March,
_c[1981]
300 _a58 p. :
_bil. ;
_c21 cm.
490 1 _aSerie Universitaria ;
_v154: Serie Verde
504 _aBibliografía p. 55-58.
650 4 _aPaleoecología-
_zFuentidueña.
_9161569
710 2 _aFundación Juan March
_94346
830 0 _aSerie Universitaria ;
_v154: Serie Verde
_9180747
852 _aES-MaACL
_jL-1420
_bR.101915
999 _c21346
_d21346